El Parc eòlic pilot de l'Empordà : aerogeneradors per producció d'energia elèctrica / Albert Mitjà, J. J. Escobar aerogeneradors per producció d'energia elèctrica / Albert Mitjà, J. J. Escobar
ISBN:
84-393-0349-1
Publicado:
Barcelona :
Generalitat de Catalunya. Departament d'Indústria i Energia. Direcció General de Política Energètica, dl 1984
Descripción Física:
[12] p. : il., col., 1 f. pleg. ; 30 cm
Colección:
Noves energies ; 5
MARC
| LEADER | 00000nam a2200000Ia 4500 | ||
|---|---|---|---|
| 001 | 1295 | ||
| 008 | 160829s9999 xx 000 0 cat d | ||
| 020 | |a 84-393-0349-1 | ||
| 080 | |a FU-17-6 | ||
| 100 | |a Mitjà i Sarvisé, Albert |9 33413 | ||
| 245 | |a El Parc eòlic pilot de l'Empordà : |b aerogeneradors per producció d'energia elèctrica / Albert Mitjà, J. J. Escobar | ||
| 260 | |a Barcelona : |b Generalitat de Catalunya. Departament d'Indústria i Energia. Direcció General de Política Energètica, dl 1984 | ||
| 300 | |a [12] p. : |b il., col., 1 f. pleg. ; |c 30 cm | ||
| 490 | |a Noves energies ; 5 | ||
| 650 | |a Energia eòlica |x Catalunya |9 36393 | ||
| 650 | |a Parc Eòlic Pilot de l'Empordà (Garriguella) |9 36394 | ||
| 700 | |a Escobar i Sánchez, Joan Josep |9 36395 | ||
| 700 | |a Catalunya. Direcció General de Política Energètica |9 19816 | ||
| 901 | |a Arxiu | ||
| 942 | |n 1 | ||
| 952 | |0 0 |1 0 |4 0 |6 FU176 |7 1 |9 47307 |a Arxiu |b Arxiu |d 2016-12-01 |l 0 |o FU-17-6 |p 1295 |r 2016-12-01 00:00:00 |w 2016-12-01 |y ARXIU | ||
| 999 | |c 51104 |d 51104 | ||